LEADER 01753nam0 22004453i 450 001 VAN00277960 005 20240806101549.578 017 70$2N$a9783030762674 100 $a20240613d2022 |0itac50 ba 101 $aeng 102 $aCH 105 $a|||| ||||| 200 1 $aModern Survey Analysis$eUsing Python for Deeper Insights$fWalter R. Paczkowski 210 $aCham$cSpringer$d2022 215 $axxvi, 347 p.$cill.$d24 cm 606 $a62-XX$xStatistics [MSC 2020]$3VANC022998$2MF 606 $a68-XX$xComputer science [MSC 2020]$3VANC019670$2MF 606 $a68Txx$xArtificial intelligence [MSC 2020]$3VANC021266$2MF 606 $a90B60$xMarketing, advertising [MSC 2020]$3VANC035166$2MF 610 $aConsulting$9KW:K 610 $aCorrespondence maps$9KW:K 610 $aCross-tabs$9KW:K 610 $aData Analytics$9KW:K 610 $aMarket research$9KW:K 610 $aPandas$9KW:K 610 $aPython$9KW:K 610 $aRegression models$9KW:K 610 $aSurvey data visualization$9KW:K 610 $aSurveys$9KW:K 620 $aCH$dCham$3VANL001889 700 1$aPaczkowski$bWalter R.$3VANV227048$01074957 712 $aSpringer $3VANV108073$4650 801 $aIT$bSOL$c20250228$gRICA 856 4 $uhttps://doi.org/10.1007/978-3-030-76267-4$zE-book ? Accesso al full-text attraverso riconoscimento IP di Ateneo, proxy e/o Shibboleth 899 $aBIBLIOTECA DEL DIPARTIMENTO DI MATEMATICA E FISICA$1IT-CE0120$2VAN08 912 $fN 912 $aVAN00277960 950 $aBIBLIOTECA DEL DIPARTIMENTO DI MATEMATICA E FISICA$d08DLOAD e-Book 8828 $e08eMF8828 20240618 996 $aModern Survey Analysis$92914372 997 $aUNICAMPANIA LEADER 01817nam0 2200421 i 450 001 VAN00125555 005 20250116022104.284 017 70$2N$a9783319898780 100 $a20191121d2018 |0itac50 ba 101 $aeng 102 $aCH 105 $a|||| ||||| 181 $ai$b e 182 $ab 183 $acr 200 1 $aNanooncology$eEngineering nanomaterials for cancer therapy and diagnosis$fGil Gonçalves, Gerard Tobias editors 210 $aCham$cSpringer$d2018 215 $aVI, 455 p.$cill.$d24 cm 410 1$1001VAN00123646$12001 $aNanomedicine and Nanotoxicology$1210 $aCham$cSpringer$d2012- 620 $aCH$dCham$3VANL001889 676 $a615.1$cFarmacologia. Farmaci. Farmacia$v22 676 $a615.19$cChimica farmaceutica. Tecnologia farmaceutica. Chimica medica$v22 676 $a615.9$cTossicologia$v22 676 $a610.28$cIngegneria biomedica. Biomateriali$v22 676 $a620.5$cNanotecnologia$v22 676 $a620.1$cScienze dei materiali$v22 676 $a616.027$cMedicina sperimentale$v22 702 1$aGonçalves$bGil$3VANV096978 702 1$aTobias$bGerard$3VANV096979 712 $aSpringer $3VANV108073$4650 801 $aIT$bSOL$c20250725$gRICA 856 4 $uhttps://link.springer.com/book/10.1007/978-3-319-89878-0$zE-book - Accesso al full-text attraverso riconoscimento IP di Ateneo, proxy e/o Shibboleth 899 $aBIBLIOTECA DEL DIPARTIMENTO DI SCIENZE E TECNOLOGIE AMBIENTALI BIOLOGICHE E FARMACEUTICHE$1IT-CE0101$2VAN17 912 $fN 912 $aVAN00125555 950 $aBIBLIOTECA DEL DIPARTIMENTO DI SCIENZE E TECNOLOGIE AMBIENTALI BIOLOGICHE E FARMACEUTICHE$d17CONS e-book 2112 $e17BIB2112/205 205 20191121 996 $aNanooncology$91566627 997 $aUNICAMPANIA